LEADER 01421nam0-2200301---450 001 9910647898303321 005 20230309094836.0 100 $a20230309g18281857km-y0itay50------ba 101 0 $alat 102 $aDE 140 $aa-----------------bb0------- 200 1 $aNovarum et minus cognitarum stirpium pugillus primus [-decimus] quem indici scholarum in gymnasio hamburgensium academico habendarum praemisit Joannes Georgius Christianus Lehmann 210 $aHamburgi$ctypis Joannis Augusti Meissneri$d1828-1857 215 $a10 v.$d4 ° 300 $aRif: Pritzel 307 $a8.: [2], 56 p. 327 0 $a8.: Novarum et minus cognitarum stirpium pugillus octavus quem indici scholarum in Gymnasio Academico Hamburgensium anno scholastico 1844 habendarum praemisit Johannes Georgius Christianus Lehmann 620 $aGermania.$dAmburgo 700 1$aLehmann,$bJohann Georg Christian$f<1792-1860>$0308692 719 00$aMeissner,$gJohann August$4650 801 0$aIT$bUNINA$gREICAT$2UNIMARC 856 4 $zVisualizza la versione elettronica in EROMM$uhttps://www.e-rara.ch/zut/content/zoom/17714034$e20230309 901 $aAQ 912 $a9910647898303321 952 $aB III 24 (9$fDBV 959 $aDBV 996 $aNovarum et minus cognitarum stirpium pugillus primus quem indici scholarum in gymnasio hamburgensium academico habendarum praemisit Joannes Georgius Christianus Lehmann$93041160 997 $aUNINA LEADER 04030nam 22007095 450 001 9911049079703321 005 20260102120623.0 010 $a3-032-04218-6 024 7 $a10.1007/978-3-032-04218-7 035 $a(CKB)44770150100041 035 $a(MiAaPQ)EBC32470023 035 $a(Au-PeEL)EBL32470023 035 $a(DE-He213)978-3-032-04218-7 035 $a(OCoLC)1572207689 035 $a(EXLCZ)9944770150100041 100 $a20260102d2025 u| 0 101 0 $aeng 135 $aur||||||||||| 181 $ctxt$2rdacontent 182 $cc$2rdamedia 183 $acr$2rdacarrier 200 10$aEconomic Resilience and Sustainability?Vol. 1 $e8th International Scientific Conference on Business and Economics (ISCBE), Tetovo, North Macedonia, May 2025 /$fedited by Veland Ramadani, Abdylmenaf Bexheti, Hyrije Abazi-Alili, Christina Theodoraki, Gadaf Rexhepi, Besnik A. Krasniqi 205 $a1st ed. 2025. 210 1$aCham :$cSpringer Nature Switzerland :$cImprint: Springer,$d2025. 215 $a1 online resource (902 pages) 225 1 $aSpringer Proceedings in Business and Economics,$x2198-7254 311 08$a3-032-04217-8 327 $aThe Impact of Renewable Energy Consumption on Economic Growth: Evidence from Developed and Developing European Countries -- Why do they leave? An empirical study on migration determinants in the Western Balkans -- Analysis of the business result of the Airbnb platform in post Covid-19 time -- Chatbot Optimization Strategies to Enhance the Competitiveness of Tourism Entrepreneurs in Indonesia -- Leveraging a Multi-Sided Digital Platform in EDIH-Enhanced Innovation Ecosystem Design -- Corruption in the Private Sector: A Legal Perspective in North Macedonia -- Exploring the Role of Entrepreneurship Education in the Social Reintegration of Former Prisoners -- The Right to Compensation for Victims of Domestic Violence. 330 $aThis book is the first volume presenting carefully selected chapters from the proceedings of the 8th International Scientific Conference on Business and Economics (ISCBE), Tetovo, North Macedonia, which took place in May 2025. The chapters explore the interplay between green and digital transformations, highlighting how businesses and economies can leverage technology and innovation to achieve sustainability goals. They cover a wide range of areas relevant to contemporary business and economics issues such as sustainable business models, digital integration for green growth, economic policies for resilience, circular economy practices, and the role of finance in fostering sustainability. The book is an essential compass for business leaders to navigate the complex challenges posed by the impact of global economic tensions and competition on sustainability efforts. . 410 0$aSpringer Proceedings in Business and Economics,$x2198-7254 606 $aIndustrial organization 606 $aSustainability 606 $aStrategic planning 606 $aLeadership 606 $aEnvironmental economics 606 $aIndustrial Organization 606 $aSustainability 606 $aBusiness Strategy and Leadership 606 $aEnvironmental Economics 615 0$aIndustrial organization. 615 0$aSustainability. 615 0$aStrategic planning. 615 0$aLeadership. 615 0$aEnvironmental economics. 615 14$aIndustrial Organization. 615 24$aSustainability. 615 24$aBusiness Strategy and Leadership. 615 24$aEnvironmental Economics. 676 $a338.6 700 $aRamadani$b Veland$01061400 701 $aBexheti$b Abdylmenaf$01736823 701 $aAbazi-Alili$b Hyrije$01736824 701 $aTheodoraki$b Christina$01846715 701 $aRexhepi$b Gadaf$01887163 701 $aKrasniqi$b Besnik A$01866124 801 0$bMiAaPQ 801 1$bMiAaPQ 801 2$bMiAaPQ 906 $aBOOK 912 $a9911049079703321 996 $aEconomic Resilience and Sustainability?Vol. 1$94534484 997 $aUNINA